LEADER 01344nam0 2200313 450 001 000021913 005 20080905102245.0 010 $a88-7478-004-4 100 $a20080707d2003----km-y0itaa50------ba 101 0 $aita 102 $aIT 200 1 $aElea-Velia$ele nuove ricerche$eatti del Convegno di Studi, Napoli, 14 dicembre 2001$ga cura di Giovanna Greco 210 $aPozzuoli$cNaus Editoria$d2003 215 $a269 p., 47 p. di tav.$cill.$d30 cm 225 2 $aQuaderni del Centro Studi Magna Grecia$v1 300 $aIn testa al front.: Università degli Studi di Napoli, Federico II. Dipartimento di Discipline Storiche, Ettore Lepore. Centro Studi Magna Grecia. Soprintendenza per i Beni Archeologici delle Province di Salerno, Avellino, Benevento 410 1$12001$aQuaderni del Centro Studi Magna Grecia$v1 607 $aVelia 676 $a930.10283$v(21. ed.)$9Archeologia. Scavo 702 1$aGreco,$bGiovanna 801 0$aIT$bUniversità della Basilicata - B.I.A.$gRICA$2unimarc 912 $a000021913 996 $aElea-Velia$988228 997 $aUNIBAS BAS $aLETTERE CAT $aSTD052$b01$c20080707$lBAS01$h1141 CAT $aATR$b10$c20080905$lBAS01$h1022 FMT Z30 -1$lBAS01$LBAS01$mBOOK$1BASA4$APolo di Matera$2GEN$BCollezione generale$3MSR-J-141$6106436$5L106436$820080707$f02$FPrestabile Generale LEADER 01405nam0 2200337 i 450 001 BVE0084348 005 20231121125415.0 010 $a8823803012 020 $aIT$b96-4004 100 $a20160115d1995 ||||0itac50 ba 101 | $aita 102 $ait 181 1$6z01$ai $bxxxe 182 1$6z01$an 200 1 $aBanche e risanamento delle imprese in crisi$fa cura di Giancarlo Forestieri$gAlberto Berlinghieri ... \et al.! 210 $aMilano$cEGEA$d\1995! 215 $aIX, 368 p.$d25 cm. 225 | $aManagement$v10 410 0$1001CFI0170817$12001 $aManagement$v10 606 $aImprese$xRisanamento$2FIR$3RMLC399881$9I 676 $a658.4056$9$v20 702 1$aForestieri$b, Giancarlo$3CFIV053119 702 1$aBerlinghieri$b, Alberto$3LO1V143427 801 3$aIT$bIT-01$c20160115 850 $aIT-FR0098 899 $aBiblioteca Area Giuridico Economica$bFR0098 912 $aBVE0084348 950 0$aBiblioteca Area Giuridico Economica$d 53IMP 658.405 2$e 53VM 0000098965 VM barcode:ECO010499. - Inventario:5662. - Fondo:Sala consultazioneVM$fA $h20000731$i20121204$cStampa 1995$d 53IMP MC 1 134$e 53IMP0000047675 VMB A4 $fA $h20141105$i20141105 977 $a 53 996 $aBanche e risanamento delle imprese in crisi$961327 997 $aUNICAS